000
00278nam a2200109Ia 4500
008
220204s9999 xx 000 0 und d
082
_a
929A/Z(JAW)
_b
CHA
100
_a
Chalapathirau, M
245
0
_a
Nehru:for children
260
_a
Delhi
_b
Childrens Book Trust
_c
1967
942
_c
BK
999
_c
31494
_d
31494